History Quiz

Random History Quiz

The American Revolution Categories Quiz Stats

 Plays Quiz not verified by Sporcle

Score 0/55 Timer 10:00
0 Plays Today
% Correct
Samuel Adams
76.3%
Paul Revere
74.6%
Yorktown
74.6%
Pennsylvania
74.6%
Connecticut
74.6%
Delaware
72.9%
Georgia
72.9%
Massachusetts
72.9%
Maryland
72.9%
South Carolina
72.9%
Germantown
71.2%
New Jersey
71.2%
Saratoga
69.5%
Bunker Hill
69.5%
Trenton
69.5%
Long Island
69.5%
John Hancock
67.8%
Brandywine
66.1%
Monmouth
64.4%
No Taxation Without Representation
64.4%
Cowpens
62.7%
Don't Tread on Me
62.7%
Join or Die
62.7%
Marquis de Lafayette
61%
George Washington
61%
Benjamin Rush
59.3%
Joseph Warren
59.3%
Pierre Charles L'Enfant
59.3%
% Correct
Thomas Paine
57.6%
Horatio Gates
55.9%
Rochambeau
55.9%
James Otis
54.2%
Comte d'Estaing
54.2%
Nathaniel Greene
52.5%
Benjamin Franklin
52.5%
Thomas Jefferson
52.5%
Charles Lee
50.8%
John Lamb
49.2%
Baron Von Steuben
49.2%
'Mad' Anthony Wayne
45.8%
Henry Knox
45.8%
Robert Townsend
45.8%
Abraham Woodhull
42.4%
Benjamin Tallmadge
39%
Oliver Wolcott
35.6%
William Mackay
35.6%
Phillip Schuyler
33.9%
Anna Strong
33.9%
Agent 355
33.9%
Nathan Hale
28.8%
Elizabeth Freeman
28.8%
Phillis Wheatley
27.1%
Alexander MacDougall
25.4%
Mercy Otis Warren
25.4%
Quock Walker
18.6%

You're not logged in!

Compare scores with friends on all Sporcle quizzes.
OR
Log In

Sporcle TV

Today on Sporcle TV


Watch our educational content, quiz creation guides, and fun videos on Sporcle TV.

Show Comments

Extras

Top Quizzes Today


Score Distribution

Your Account Isn't Verified!

In order to create a playlist on Sporcle, you need to verify the email address you used during registration. Go to your Sporcle Settings to finish the process.

Report this User

Report this user for behavior that violates our Community Guidelines.

Details: